Ngữ pháp tiếng Anh căn bản = Verbs

Na minha lista:
Detalhes bibliográficos
Autor principal: Milon Nandy
Formato: Livro
Idioma:Undetermined
Publicado em: Tp. HCM Tp. HCM 2001
Assuntos:
Tags: Adicionar Tag
Sem tags, seja o primeiro a adicionar uma tag!
Thư viện lưu trữ: Trung tâm Học liệu Trường Đại học Cần Thơ
LEADER 00472nam a2200181Ia 4500
001 CTU_47533
008 210402s9999 xx 000 0 und d
082 |a 425 
082 |b N177v 
100 |a Milon Nandy 
245 0 |a Ngữ pháp tiếng Anh căn bản 
245 0 |b = Verbs 
245 0 |c Milon Nandy 
260 |a Tp. HCM 
260 |b Tp. HCM 
260 |c 2001 
650 |a english language - verb 
980 |a Trung tâm Học liệu Trường Đại học Cần Thơ